Путешествие по Святой Земле в 1835 году. Ч. 1 (Запись № 12954567)

Подробности
000 -МАРКЕР
контрольное поле 01233nam2a2200229 4500
001 - ИДЕНТИФИКАТОР ЗАПИСИ
контрольное поле RU\NLR\BIBL_A\022171810
005 - ИДЕНТИФИКАТОР ВЕРСИИ
контрольное поле 20250625145409.0
035 ## - ДРУГИЕ СИСТЕМНЫЕ НОМЕРА
Идентификатор записи (NLR Aleph) 022171810
100 ## - ДАННЫЕ ОБЩЕЙ ОБРАБОТКИ
Данные общей обработки 20060512d1844 |||y0rusy50 ca
101 0# - ЯЗЫК РЕСУРСА
Язык текста, звукозаписи и т.д. русский
102 ## - СТРАНА ПУБЛИКАЦИИ ИЛИ ПРОИЗВОДСТВА
Страна публикации Российская Федерация
105 ## - ПОЛЕ КОДИРОВАННЫХ ДАННЫХ: ТЕКСТОВЫЕ МАТЕРИАЛЫ, МОНОГРАФИЧЕСКИЕ
Кодированные данные о монографическом текстовом документе ae z 000yy
200 0# - ЗАГЛАВИЕ И СВЕДЕНИЯ ОБ ОТВЕТСТВЕННОСТИ
Основное заглавие Ч. 1
210 ## - ПУБЛИКАЦИЯ, РАСПРОСТРАНЕНИЕ И ДР.
Дата издания, распространения и т.д. 1844
Место издания, распространения и т.д. Б. м.
215 ## - ФИЗИЧЕСКАЯ ХАРАКТЕРИСТИКА
Специфическое обозначение материала и объем VII, [8], 384 с., [6] л. ил., пл.
Другие сведения о физической характеристике ил.
461 #0 - УРОВЕНЬ НАБОРА
Встроенное поле 001v19\rc\1324261
-- 2001#$aПутешествие по Святой Земле в 1835 году$f[соч.] Авраама Норова$gс примечаниями на Путешествие Игумена Даниила в XII веке$vЧ. 1
-- 700#1$aНоров$bА. С.$f1795-1869$gАвраам Сергеевич$3RU\NLR\AUTH\7787143
Системный номер (АБИС) связанной записи 4590714
Автор Норов, А. С. (1795-1869)
Место публикации Санкт-Петербург
Дата публикации 1844
Издание Изд. 2-е, доп.
Первые сведения об ответственности [соч.] Авраама Норова
Имя издателя, распространителя и т.д. в типографии III Отделения Собственной Е. И. В. Канцелярии
Физическая характеристика 2 т.
Заглавие Путешествие по Святой Земле в 1835 году
Номер тома Ч. 1
852 ## - МЕСТОНАХОЖДЕНИЕ И ШИФР ХРАНЕНИЯ
Идентификатор организации NLR
Шифр хранения (Call Number) 18.18.3.18(1)
942 ## - ДОПОЛНИТЕЛЬНЫЕ ЭЛЕМЕНТЫ ЗАПИСИ (АБИС)
Тип экземпляра АБИС Книга
980 ## - КОЛЛЕКЦИЯ
Название коллекции Национальная библиография
Экземпляры
Тип экземпляра Дата поступления Библиотека постоянного хранения Библиотека текущего хранения Место хранения Шифр хранения Штрих-код Статус экземпляра
Книга 19.03.2024 РНБ (Садовая) РНБ (Садовая) Русский книжный фонд -Главное здание, Ленинский читальный зал 18.18.3.18(1) 22171810-10